Čas na čaj šálka plná poznania a zdravia

Národné zvyklosti pitia čaju vo svete. Účinok čaju na srdce a niektoré choroby. Rozdiel medzi zeleným a čiernym čajom. Medzinárodné normy na čierny a zelený čaj. Laboratórne výskumy a stanovenie polyfenolov a katechínov v čaji.

Enregistré dans:
Détails bibliographiques
Auteur principal: Scott, Andrew
Format: Chapitre de livre
Langue:slovaque
Sujets:
Tags: Ajouter un tag
Pas de tags, Soyez le premier à ajouter un tag!

MARC

LEADER 00000naa a2200000 4500
001 0147396
005 20230511071202.3
041 0 |a slo 
044 |a SK 
245 1 0 |a Čas na čaj  |b šálka plná poznania a zdravia  |c Andrew Scott 
520 |a Národné zvyklosti pitia čaju vo svete. Účinok čaju na srdce a niektoré choroby. Rozdiel medzi zeleným a čiernym čajom. Medzinárodné normy na čierny a zelený čaj. Laboratórne výskumy a stanovenie polyfenolov a katechínov v čaji. 
610 2 0 |a normalizácia technická 
610 2 0 |a normy ISO 
610 2 0 |a čaj 
610 2 0 |a výskum 
100 1 |a Scott, Andrew